00693nam a2200193 a 450000100100000000500170001000800410002702000180006804000250008608200200011110000230013124500650015426000450021930000360026450000570030050400320035761000440038965000660043300004789720210628225112.0181002s2018 dr 000 0 spa d a9789945504040 aDO-SdBNPbspacBNPHU a378.7293bV335o1 aVásquez, Antonio10aOrigen histórico de la UASD en Nagua /cAntonio Vásquez. aSanto Domingo :bEl Nuevo Diario,c2018. a461 p. :bil., retrs. ;c26 cm. aIncluye datos biográficos del autor en las solapas aBibliografía : p. 459-461 0aUniversidad Autónoma de Santo Domingo 4aEducación superiorzRepública Dominicana, NaguaxHistoria